| 000 | 00361nam a2200133Ia 4500 | ||
|---|---|---|---|
| 008 | 231129s1994||||xx |||||||||||||| ||spa|| | ||
| 040 | _bspa | ||
| 082 | _a900 G216u | ||
| 100 | _aGarcia-Peña Jaramillo Daniel | ||
| 245 | 0 | _aU.S.A. desde adentro: temas de historia y politica | |
| 260 | _c1994 | ||
| 264 | _aFundacion Simon y Lola Guberek | ||
| 942 |
_2ddc _cBKS |
||
| 999 |
_c25756 _d25756 |
||